|
|
|
|
| LEADER |
00000naa2a2200000 4500 |
| 001 |
383527 |
| 005 |
20231101063135.0 |
| 035 |
|
|
|a (RuTPU)RU\TPU\prd\9390
|
| 090 |
|
|
|a 383527
|
| 100 |
|
|
|a 20021223a2002 k y0rusy50 ca
|
| 101 |
0 |
|
|a rus
|
| 102 |
|
|
|a RU
|
| 200 |
1 |
|
|a Первоочередные мероприятия по снижению потерь электроэнергии в муниципальных электрических сетях
|f Г. К. Масленников, В. А. Западнов, В. В. Васильев, И. С. Пономаренко
|
| 225 |
1 |
|
|a Электроснабжение
|
| 461 |
|
1 |
|0 (RuTPU)RU\TPU\prd\913
|x 1609-7505
|t Энергосбережение
|o специализированный журнал
|f Ассоциация инженеров по отоплению, вентиляции, кондиционированию воздуха, теплоснабжению и строительной теплофизике (АВОК), ООО ИИП "АВОК-ПРЕСС"
|d 2000-
|
| 463 |
|
1 |
|0 (RuTPU)RU\TPU\prd\3668
|t № 2
|v С. 42-43
|d 2002
|
| 610 |
1 |
|
|a электрические сети
|
| 610 |
1 |
|
|a потери электроэнергии
|
| 610 |
1 |
|
|a аналитические расчётно-информационные системы
|
| 610 |
1 |
|
|a энергосбыт
|
| 701 |
|
1 |
|a Масленников
|b Г. К.
|
| 701 |
|
1 |
|a Западнов
|b В. А.
|
| 701 |
|
1 |
|a Васильев
|b В. В.
|
| 701 |
|
1 |
|a Пономаренко
|b И. С.
|
| 801 |
|
1 |
|a RU
|b 63413507
|c 20021223
|g PSBO
|
| 801 |
|
2 |
|a RU
|b 63413507
|c 20120417
|g RCR
|
| 942 |
|
|
|c BK
|